| 000 | 01298nam a22003137i 4500 | ||
|---|---|---|---|
| 999 |
_c23051 _d23051 |
||
| 003 | AR-CdUCM | ||
| 008 | 240916b20202020 pe||||| |||| 00| 0 spa d | ||
| 020 | _a978-612-4070-05-1 | ||
| 040 |
_aMUNICIPALIDAD PROVINCIAL DEL CUSCO _cBIBLIOTECA MUNICIPAL DEL CUSCO |
||
| 041 | _hspa | ||
| 082 |
_a613.2 / B25 _bB25 |
||
| 100 |
_aBarrio Healey, Sacha _950458 |
||
| 245 |
_aLa nutrición inteligente : _bGuía práctica de alimentación y gastronomía viva / |
||
| 260 |
_bEditorial Planeta Perú, S.A. _c2020 _aLima : |
||
| 300 |
_a303 páginas. : _c23.5 cm. |
||
| 500 | _zBibliografía: páginas 299-303 | ||
| 505 | _aLa nutrición espiritual y los saberes -- Ecología sanguínea -- El ecosistema intestinal -- Vitaminas solares -- Principios básicos de la desintoxicación y limpieza del hígado -- Alimentos orgánicos -- Biotecnología transgénica -- Alimentos de alto poder nutricional | ||
| 650 |
_aDieta ictiovegana _950459 |
||
| 650 |
_aDesintoxicación _950460 |
||
| 650 |
_aCalcio _950461 |
||
| 650 |
_aMedicina _93637 |
||
| 650 |
_aAlimentos orgánicos _950462 |
||
| 650 |
_aHigienismo _950463 |
||
| 650 |
_aCombinación de alimentos _950464 |
||
| 650 |
_aLos vegetales _950465 |
||
| 650 |
_aEcología sanguinea _950466 |
||
| 942 |
_2ddc _cLIBROS |
||
| 945 |
_aPBJ _d2024-09-16 |
||